Vývin slovenského jazyka a dialektológia

Bibliographic Details
Main Author: Krajčovič, Rudolf, 1927-2014 (Author)
Format: Book
Language:Slovak
PhysicalDescription:343 s. mp. 24 cm
Published: Bratislava Univerzita Komenského 2009
ISBN:9788022325264 (brož.)
Edition:2. vyd.
Subjects:

MARC

LEADER 00000nam a2200000 a 4500
001 vtls009523162
003 SK-MaSNL
005 20260301024825.0
008 160208s2009 xo b d 001 0 slo
015 |a SNBA2009/07-03467 
020 |a 9788022325264 (brož.) 
035 |a 20F417C2-2FD9-48A6-BC7F-87097FDDC70E 
035 |a urn:nbn:sk:snk-amk8mh 
035 |a urn:nbn:sk:snk-am008ci3 
040 |a SNK  |b slo  |c SNK  |e AACR2 
041 0 |a slo 
044 |a xo  |c SK 
072 7 |a 811.162.4  |x Slovenčina  |2 konspekt 
080 |a 811.162.4  |2 2001 
080 |a 81'0  |2 2001 
080 |a 81'28  |2 2001 
080 |a (075.8)  |2 2001 
100 1 |a Krajčovič, Rudolf,  |d 1927-2014  |4 aut  |9 184229 
245 1 0 |a Vývin slovenského jazyka a dialektológia  |c Rudolf Krajčovič 
250 |a 2. vyd. 
260 |a Bratislava  |b Univerzita Komenského  |c 2009 
300 |a 343 s.  |b mp.  |c 24 cm 
366 |e 200 výt. 
504 |a Bibliogr. s. 327-334. Pozn. Reg. historických dokladov. Skrat. a zn. Zoz. skrat. na mapách 
650 0 7 |a slovenčina  |2 SNKPH  |9 1350 
650 0 7 |a vývoj jazyka  |2 SNKPH  |9 68207 
650 0 7 |a dialektológia  |2 SNKPH  |9 13485 
655 7 |a učebnice vysokých škôl  |2 SNKPH  |9 70191 
919 |a 978-80-223-2526-4 
954 |a odborná, vedecká literatúra pôvodná (slovenská)  |2 lita 
958 |a NB 
958 |a OND 
968 |d 81 
999 |c 571913  |d 573843 
952 |a SNK  |b SNK  |y PREZ  |7 0  |p 17A0623069  |o snkSC 135951  |i snk2009/10263  |8 0  |0 0  |1 0  |4 0  |d 2009-06-08  |l 0  |r 2025-07-02 00:00:00  |w 2026-02-23 
952 |a SNK  |b SNK  |y VYP  |7 0  |p 17A0623106  |o snkSC 135951 D1  |i snk2009/10264  |8 0  |3 Popísaná  |0 0  |1 0  |4 0  |d 2009-06-08  |l 0  |r 2026-02-23 14:19:59  |w 2026-02-23